00844cam a2200241u 450000100060000000300080000600500170001400800410003103500190007204000330009104100080012408200180013210000440015024500660019426000420026030000370030250400190033965000400035865000370039894200120043599900170044795201380046416950BD-RjUL20211209000053.0140215s1951 inuab 001 0 eng d a(BD-RjUL)17006 aDLCcCarPdDLCdBD-RjULbeng aeng00a674bHOT 19511 aHorn, Stanley Fitzgerald,d1889-95230510aThis fascinating lumber business /c Stanley Fitzgerald, Horn aIndianapolis :bBobbs-Merrill,cc1951 a313 p. :billus., map. ;c23 cm. aIncludes Index 0aLumber tradezUnited States.952306 0aLumberingzUnited States.945073 2ddccBK c16950d16950 00102ddc40718NFICaRUCLbRUCLcReadingd1958-02-13eU.S.I.S Dhaka Giftl0o674 HOT 1951r2014-02-15 00:00:00tC-1w2014-02-15yBK